000 00658nam a2200265Ia 4500
003 OSt
005 20221006155734.0
006 a|||||r|||| 00| 0
007 ta
008 221006b |||||||| |||| 00| 0 kor d
020 _a9788959190454
_cW8800
024 _a43,348
037 _cTextual
040 _aEASL
_cEASL
_bkor
041 _2kor
_akor
082 _aO495,3N81, P6
100 _aHan Seonok
_9670213
245 0 _aNea Sumusal Yiyagi
260 _aPaju
_bAny Books Korea
_c2006
300 _a262p.
_ccm.
490 _v KL
650 _aKL
942 _hO495,3N81, P6
_cTEXL
_2CC
999 _c1111434
_d1111434